Kālera maināka : (Record no. 83835)

MARC details
000 -LEADER
fixed length control field 00576cam a2200193 a 4500
001 - CONTROL NUMBER
control field sa 68011358
003 - CONTROL NUMBER IDENTIFIER
control field DLC
005 - DATE AND TIME OF LATEST TRANSACTION
control field 20260227112559.0
008 - FIXED-LENGTH DATA ELEMENTS--GENERAL INFORMATION
fixed length control field 881028s1968 xx 000 0 beno
010 ## - LIBRARY OF CONGRESS CONTROL NUMBER
LC control number sa 68011358
035 ## - SYSTEM CONTROL NUMBER
System control number (OCoLC)23537353
040 ## - CATALOGING SOURCE
Original cataloging agency DLC
Transcribing agency DLC
050 00 - LIBRARY OF CONGRESS CALL NUMBER
Classification number PK1730.14.A8134
Item number K3 1968
100 1# - MAIN ENTRY--PERSONAL NAME
Personal name Bhaṭṭācārya, Rabīndra,
Dates associated with a name 1934-
245 10 - TITLE STATEMENT
Title Kālera maināka :
Remainder of title pūrṇāṅka sāmājika nāṭaka /
Statement of responsibility, etc. Rabīndra Bhaṭṭācārya.
260 ## - PUBLICATION, DISTRIBUTION, ETC.
Date of publication, distribution, etc. Kalakātā :
Name of publisher, distributor, etc. Palāśī,
Date of publication, distribution, etc. 1375 [1968]
300 ## - PHYSICAL DESCRIPTION
Extent 97 p. ;
Dimensions 19 cm.
546 ## - LANGUAGE NOTE
Language note In Bengali.

No items available.

Powered by Koha